Cuidados integrales de enfermería gerontogeriátricos María Dolores Bernabeu Tamayo ; editor Josep María Minguet Fructuoso (Registro nro. 32901)

Detalles MARC
000 -CABECERA
Longitud fija campo de control 01144nam a2200301 a 4500
003 - • IDENTIFICADOR DELl NÚMERO DE CONTROL
Identificador del número de control CO-ViMGA
008 - • CÓDIGOS DE INFORMACIÓN DE LONGITUD FIJA
Códigos de información de longitud fija 141112s2004 ck r 000 u spa d
020 ## - • NÚMERO INTERNACIONAL NORMALIZADO PARA LIBROS
Número Internacional Normalizado para Libros (ISBN) 8495275392 (obra completa)
040 ## - FUENTE DE LA CATALOGACIÓN
Centro catalogador de origen CO-ViMGA
Lengua de catalogación spa
Centro transcriptor CO-ViMGA
041 ## - • CÓDIGO DE LENGUA
Código de lengua del texto/banda sonora o título independiente spa
082 04 - • NÚMERO DE LA CLASIFICACIÓN DECIMAL DEWEY
Número de clasificación (R) 610.7365 Q84
100 1# - • PUNTO DE ACCESO PRINCIPAL-NOMBRE DE PERSONA
Nombre de persona Quintanilla Martínez, Manuel
245 10 - • TITULO PROPIAMENTE DICHO
Título Cuidados integrales de enfermería gerontogeriátricos María Dolores Bernabeu Tamayo ; editor Josep María Minguet Fructuoso
250 ## - • MENCIÓN DE EDICIÓN
Mención de edición 2a ed., revisada y actualizada.
300 ## - • DESCRIPCIÓN FÍSICA
Extensión 2 v. ilustraciones, cuadros y fotos 30 cm.
504 ## - • NOTA DE BIBLIOGRAFÍA, ETC
Nota de bibliografía, etc. Incluye referencias bibliográficas.
541 ## - NOTA DE FUENTE DE ADQUISICIÓN DIRECTA
-- 52.000 (obra completa); 2 v.
596 ## -
-- 2
650 14 - • PUNTO DE ACCESO ADICIONAL DE MATERIA - TÉRMINO DE MATERIA
Término de materia o nombre geográfico como elemento inicial Enfermería geriátrica
650 14 - • PUNTO DE ACCESO ADICIONAL DE MATERIA - TÉRMINO DE MATERIA
Término de materia o nombre geográfico como elemento inicial Geriatria
700 1# - • PUNTO DE ACCESO ADICIONAL - NOMBRE DE PERSONA
Nombre de persona Minguet Fructuoso, Josep María Ed.
740 ## - • PUNTO DE ACCESO ADICIONAL - TÍTULO RELACIONADO O ANALÍTICO NO CONTROLADO
Título relacionado o analítico no controlado Cuidados integrales de enfermería en el anciano
926 ## -
-- B - GENERAL COLEC - GRAL 610.7365 Q84 V.1 LIBRO 1
942 ## - ENTRADA DE ELEMENTOS AGREGADOS (KOHA)
Fuente de clasificaión o esquema Dewey Decimal Classification
Koha [por defecto] tipo de item LIbro
Existencias
Perdido Fuente de clasificación o esquema Estado Físico No para préstamo Forma de adquisición Localización permanente Localización actual Fecha adquisición Serie de enumeración / cronolog&íacute;a Préstamos totales Signatura completa Código de barras Fecha última consulta Número de copia Fecha del precio de reemplazo Tipo de item de Koha Localización en estanterías
  Dewey Decimal Classification     Sala General Biblioteca Pública Acacias - Carlos María Hernández Rojas Biblioteca Pública Acacias - Carlos María Hernández Rojas 02/10/2026 TOMO 1   610.7365 Q84c ACA04836 02/10/2026 Ej.1 02/10/2026 LIbro General
  Dewey Decimal Classification     Sala General Biblioteca Pública Acacias - Carlos María Hernández Rojas Biblioteca Pública Acacias - Carlos María Hernández Rojas 02/10/2026 TOMO 2   610.7365 Q84c ACA04837 02/10/2026 Ej.1 02/10/2026 LIbro General
  Dewey Decimal Classification     Sala Especializada Tercer Piso Biblioteca Pública Germán Arciniegas - Villavicencio Biblioteca Pública Germán Arciniegas - Villavicencio 12/04/2015 Tomo. 1 | 08/oct/2013   610.7365 Q84 26238 12/04/2015 Ej. 1 12/04/2015 LIbro  
  Dewey Decimal Classification     Sala Especializada Tercer Piso Biblioteca Pública Germán Arciniegas - Villavicencio Biblioteca Pública Germán Arciniegas - Villavicencio 12/04/2015 Tomo. 2 | 08/oct/2013   610.7365 Q84 26239 12/04/2015 Ej. 1 12/04/2015 LIbro  









Instituto Departamental de Cultura del Meta - Red Departamental de Bibliotecas Públicas del Meta.